00790nam a22002177a 450000500170000001000150001702000270003203500140005903700130007308200150008624501050010126000420020627000800024830000220032870000140035070000150036470000150037994200290039499900190042395201300044220180423141046.0 aENG-122775 a9789352803514c1095.00 aEN-106307 bDBAD/PUB00a302.23095110aNew media and transformation of social life in china /ced. by Xinxum WU; Han Zheng [and] Xiaokun WU a New Delhi bSAGE Publications,c2018 aB1/I-1 Mohan Cooperative Industrial Area, Mathura Roadb New Delhi e110044 a235p.c23 cm.(Hb) aXinxum WU aHan Zheng  aXiaokun WU 2ddccENh302.230951mNEW c151679d151679 001040718NFICaDBADbZLSd2018-04-23eDBAD/PUBg1095.00l0o302.230951 NEWpEN-106307r2018-04-23 00:00:00t1v1095.00yEN